书目信息 |
| 题名: |
劳动法
|
|
| 作者: | 关怀 , 林嘉 主编 | |
| 分册: | ||
| 出版信息: | 北京 中国人民大学出版社 2012 |
|
| 页数: | 270页 | |
| 开本: | 26cm | |
| 丛书名: | ||
| 单 册: | ||
| 中图分类: | D922.501 | |
| 科图分类: | ||
| 主题词: | 劳动法--Lao Dong Fa--中国--高等学校--教材 | |
| 电子资源: | ||
| ISBN: | 978-7-300-16662-9 | |
| 000 | 01037nam0 22002651 450 | |
| 001 | 350079 | |
| 005 | 20161008165926.15 | |
| 010 | @a978-7-300-16662-9@dCNY39.00 | |
| 100 | @a20130129d2012 em y0chiy50 ea | |
| 101 | 0 | @achi |
| 102 | @aCN@b110000 | |
| 105 | @ay z 000yy | |
| 106 | @ar | |
| 200 | 1 | @a劳动法@ALao Dong Fa@f关怀,林嘉主编 |
| 205 | @a4版 | |
| 210 | @a北京@c中国人民大学出版社@d2012 | |
| 215 | @a270页@d26cm | |
| 300 | @a普通高等教育“十一五”国家级规划教材 教育部普通高等教育精品教材 教育部推荐教材 21世纪法学系列教材 | |
| 330 | @a本书系统介绍了有关劳动法的理论,阐述了劳动法的基本知识、劳动法的历史发展,劳动法所规定的劳动标准以及劳动争议的处理制度。本书共三编十九章,第一编劳动法总论,第二编劳动制度和劳动标准,第三编劳动争议的处理与违反劳动法的法律责任。 | |
| 606 | 0 | @a劳动法@ALao Dong Fa@y中国@x高等学校@j教材 |
| 690 | @aD922.501@v5 | |
| 701 | 0 | @a关怀@AGuan Huai@f(1927~2014)@4主编 |
| 701 | 0 | @a林嘉@ALin Jia@f(1962~)@4主编 |
| 801 | 0 | @aCN@bTANGWEI@20160803 |
| 905 | @b0888220-4@dD922.501@e1344=4@f5 | |
| 劳动法/关怀,林嘉主编.-4版.-北京:中国人民大学出版社,2012 |
| 270页;26cm |
| 普通高等教育“十一五”国家级规划教材 教育部普通高等教育精品教材 教育部推荐教材 21世纪法学系列教材 |
| ISBN 978-7-300-16662-9:CNY39.00 |
| 本书系统介绍了有关劳动法的理论,阐述了劳动法的基本知识、劳动法的历史发展,劳动法所规定的劳动标准以及劳动争议的处理制度。本书共三编十九章,第一编劳动法总论,第二编劳动制度和劳动标准,第三编劳动争议的处理与违反劳动法的法律责任。 |
| ● |
| 相关链接 |
|
|
|
|
正题名:劳动法
索取号:D922.501/1344=4
 
预约/预借
| 序号 | 登录号 | 条形码 | 馆藏地/架位号 | 状态 | 备注 |
| 1 | 0888220 | 208882208 | 第一样本阅览室/ [索取号:D922.501/1344=4] | 在馆 | |
| 2 | 0888221 | 208882217 | 密集书库-史法系/ [索取号:D922.501/1344=4] | 在馆 | |
| 3 | 0888222 | 208882226 | 第一借阅区/ [索取号:D922.501/1344=4] | 在馆 | |
| 4 | 0888223 | 208882235 | 第一借阅区/ [索取号:D922.501/1344=4] | 在馆 | |
| 5 | 0888224 | 208882244 | 第一借阅区/ [索取号:D922.501/1344=4] | 在馆 |